000 01517pam a2200361 i 4500
001 sky258607480
003 SKY
005 20250901062435.0
008 180409r20132012cou 000 0deng d
010 _abl2013045858
020 _a9780307730893
020 _a0307730891
037 _bRandom House Inc, Attn Order Entry 400 Hahn rd, Westminster, MD, USA, 21157
_nSAN 201-3975
040 _aNjBwBT
_beng
_cNjBwBT
_erda
_dNjBwBT
_dSKYRV
082 0 4 _a248.8/6
_223
092 _a248.86
_bVuj
100 1 _aVujicic, Nick.
_eauthor.
_0(local)743643.
245 1 0 _aUnstoppable :
_bthe incredible power of faith in action /
_cNick Vujicic.
250 _aFirst trade paperback edition.
264 1 _aColorado Springs, Colorado :
_bWaterbrook Press,
_c2013.
300 _a240 pages :
_bcolor illustrations ;
_c21 cm.
336 _atext
_2rdacontent.
337 _aunmediated
_2rdamedia.
338 _avolume
_2rdacarrier.
520 _aReveals how the author learned to deal with adverse circumstances in such areas as relationships, careers, health, and bullying through the experiences he has endured having been born without arms or legs.
650 0 _aFaith.
_0(local)346922.
650 0 _aEncouragement
_xReligious aspects
_xChristianity.
_0(local)588690.
650 0 _aInspiration
_xReligious aspects
_xChristianity.
_0(local)759020.
650 0 _aSuccess
_xReligious aspects
_xChristianity.
_0(local)345836.
650 0 _aAbnormalities, Human
_vBiography.
_0(local)1188654.
907 _a.b47935800x
942 _cBK
999 _c31053
_d31051